| 000 | 00563nam a22001817a 4500 | ||
|---|---|---|---|
| 999 |
_c185451 _d185451 |
||
| 005 | 20220203103005.0 | ||
| 010 | _aENG-131169 | ||
| 020 |
_a9789390869107 _c250.00 |
||
| 035 | _aEN-114901 | ||
| 037 | _bDBAD | ||
| 082 | _aS | ||
| 100 | _aParashar, Sujata | ||
| 245 |
_aIn Pursuit Of Mi Amor/ _cSujata Parashar |
||
| 260 |
_aMaharashtra _bVihwakarma Publications _c2021 |
||
| 270 |
_a34A/1, Suyog Center, 7th Floor, Gultekadi Marketyard Road, Giridhar Bhavan Chowk _bPune _e411037 _minfo@vpindia.co.in |
||
| 300 |
_a185p. _c22cm(pbk) |
||
| 942 |
_2ddc _cEN _hS _mPAR |
||